| 000 | 02110nam0a2200397 4500 | ||
|---|---|---|---|
| 001 | RU\NLR\bibl\1868613 | ||
| 005 | 20260406005800.0 | ||
| 010 |
_a978-5-8199-0506-7 _9500 |
||
| 021 |
_aRU _b2012-2789 _9204 |
||
| 035 | _a(nilc)RSL-KNO-005384633 | ||
| 035 | _a(NLR Aleph) 001858470 | ||
| 090 |
_a2498519 _c2498519 |
||
| 100 | _a20120206d2011 |||y0rusy50 ca | ||
| 101 | 0 | _arus | |
| 102 | _aRU | ||
| 105 | _aa ||||||||| | ||
| 200 | 1 |
_aФеномен региональной культуры в социокультурном пространстве приграничного взаимодействия РФ - КНР _fВ.С. Морозова _gРос. акад. наук, Учреждение Рос. акад. наук Ин-т Дал. Востока РАН, Федер. гос. образоват. учреждение высш. проф. образования Забайкал. гос. ун-т |
|
| 210 |
_aМосква _cФорум _d2011 |
||
| 215 |
_a221, [2] с. _cграф. _d21 |
||
| 300 | _aНа 4-й с. обл. авт.: В.С. Морозова, к.филос.н. | ||
| 320 | _aБиблиогр.: с. 205-221 (225 назв.) и в примеч. в конце гл. | ||
| 607 |
_aРоссийская Федерация _xКультурные связи _yКитайская Народная Республика _92283243 _3RU\NLR\auth\661367839 |
||
| 607 |
_aКитайская Народная Республика _xКультурные связи _yРоссийская Федерация _92283235 _3RU\NLR\auth\661367835 |
||
| 686 |
_aЧ114(2Р)ж:(5Кит),0 _2rubbk |
||
| 686 |
_aЧ114(5Кит)ж:(2Р),0 _2rubbk |
||
| 686 | _aТ3(2)74-63(5Кит) | ||
| 686 | _aТ3(5Кит)72-63(2) | ||
| 700 | 1 |
_4070 _7ca _8rus _aМорозова _bВ. С. _cканд. филос. наук _f1983- _gВалентина Сергеевна _998197 _3RU\NLR\auth\77115272 |
|
| 801 | 0 |
_aRU _bRuMoRKP _c20120206 _grcr |
|
| 801 | 1 |
_aRU _bРГБ _c20120206 |
|
| 801 | 2 |
_aRU _bNLR _c20120213 _grcr |
|
| 830 | _aавт. раскрыт по кн. | ||
| 942 | _cBOOK | ||
| 980 | _aNB | ||
| 980 | _aNBR | ||